|
|
|
|
| LEADER |
00000cam a22000002c 4500 |
| 001 |
1072430738 |
| 003 |
DE-627 |
| 005 |
20260206200314.0 |
| 007 |
tu |
| 008 |
850101s1968 xx ||||| m 00| ||ger c |
| 035 |
|
|
|a (DE-627)1072430738
|
| 035 |
|
|
|a (DE-603)05201732X
|
| 035 |
|
|
|a (DE-576)002430738
|
| 035 |
|
|
|a (DE-599)BSZ002430738
|
| 035 |
|
|
|a (OCoLC)04581560
|
| 040 |
|
|
|a DE-627
|b ger
|c DE-627
|e rakwb
|
| 041 |
|
|
|a ger
|
| 082 |
0 |
|
|a 340/.1
|
| 084 |
|
|
|a 1
|2 ssgn
|
| 084 |
|
|
|a MD 4400
|2 rvk
|0 (DE-625)rvk/122510:
|
| 084 |
|
|
|a PI 3720
|2 rvk
|0 (DE-625)rvk/136619:
|
| 084 |
|
|
|a PI 3700
|2 rvk
|0 (DE-625)rvk/136618:
|
| 084 |
|
|
|2 rvk
|0 (DE-625)rvk17688
|
| 100 |
1 |
|
|a Schelauske, Hans Dieter
|0 (DE-627)1232894664
|0 (DE-576)16289466X
|4 aut
|
| 109 |
|
|
|a Schelauske, Hans Dieter
|a Schelauske, Hans D.
|
| 245 |
1 |
0 |
|a Naturrechtsdiskussion in Deutschland
|b ein Überblick über zwei Jahrzehnte: 1945 - 1965
|c Hans Dieter Schelauske
|
| 250 |
|
|
|a 1. Aufl.
|
| 264 |
|
1 |
|a Köln
|b Bachem
|c 1968
|
| 300 |
|
|
|a 384 S.
|
| 336 |
|
|
|a Text
|b txt
|2 rdacontent
|
| 337 |
|
|
|a ohne Hilfsmittel zu benutzen
|b n
|2 rdamedia
|
| 338 |
|
|
|a Band
|b nc
|2 rdacarrier
|
| 502 |
|
|
|a Zugl.: Köln, Univ., Diss., 1967 u.d.T.: Schelauske, Hans Dieter: Philosophische Probleme der Naturrechtsdiskussion in Deutschland
|
| 650 |
0 |
7 |
|0 (DE-588)4041411-5
|0 (DE-627)106219375
|0 (DE-576)209044772
|a Naturrecht
|2 gnd
|
| 651 |
|
7 |
|0 (DE-588)4011882-4
|0 (DE-627)104704861
|0 (DE-576)208896155
|a Deutschland
|2 gnd
|
| 655 |
|
7 |
|a Hochschulschrift
|0 (DE-588)4113937-9
|0 (DE-627)105825778
|0 (DE-576)209480580
|2 gnd-content
|
| 689 |
0 |
0 |
|d s
|0 (DE-588)4041411-5
|0 (DE-627)106219375
|0 (DE-576)209044772
|a Naturrecht
|2 gnd
|
| 689 |
0 |
1 |
|d g
|0 (DE-588)4011882-4
|0 (DE-627)104704861
|0 (DE-576)208896155
|a Deutschland
|2 gnd
|
| 689 |
0 |
|
|5 (DE-627)
|
| 751 |
|
|
|a Köln
|0 (DE-588)4031483-2
|0 (DE-627)106265458
|0 (DE-576)208992669
|4 uvp
|
| 935 |
|
|
|a mteo
|
| 935 |
|
|
|h HEB
|i 0501
|
| 935 |
|
|
|h HEB
|i 0503
|
| 936 |
r |
v |
|a MD 4400
|b Recht (Naturrecht)
|k Politologie
|k Politische Theorie, Grundbegriffe des Politischen
|k Staatstheorie
|k Recht (Naturrecht)
|0 (DE-627)1271141787
|0 (DE-625)rvk/122510:
|0 (DE-576)201141787
|
| 936 |
r |
v |
|a PI 3720
|b Einzelschriften
|k Rechtswissenschaft
|k Allgemeine Rechtslehre und Rechtstheorie, Rechts- und Staatsphilosophie, Rechtssoziologie
|k Naturrecht
|k Einzelschriften
|0 (DE-627)1271266342
|0 (DE-625)rvk/136619:
|0 (DE-576)201266342
|
| 936 |
r |
v |
|a PI 3700
|b Allgemeines
|k Rechtswissenschaft
|k Allgemeine Rechtslehre und Rechtstheorie, Rechts- und Staatsphilosophie, Rechtssoziologie
|k Naturrecht
|k Allgemeines
|0 (DE-627)1271266334
|0 (DE-625)rvk/136618:
|0 (DE-576)201266334
|
| 936 |
r |
v |
|0 (DE-625)rvk17688
|
| 936 |
s |
n |
|a p100
|2 mzub
|
| 936 |
s |
n |
|a c100
|2 mzub
|
| 951 |
|
|
|a BO
|
| ELC |
|
|
|b 1
|
| LOK |
|
|
|0 000 xxxxxcx a22 zn 4500
|
| LOK |
|
|
|0 001 2018202839
|
| LOK |
|
|
|0 003 DE-627
|
| LOK |
|
|
|0 004 1072430738
|
| LOK |
|
|
|0 005 20020607000000
|
| LOK |
|
|
|0 008 930614||||||||||||||||ger|||||||
|
| LOK |
|
|
|0 040
|a DE-21-110
|c DE-627
|d DE-21-110
|
| LOK |
|
|
|0 852
|a DE-21-110
|
| LOK |
|
|
|0 852 1
|c G I 138
|m p
|9 00
|
| LOK |
|
|
|0 935
|a k110
|
| LOK |
|
|
|0 936ln
|a 2.1
|
| LOK |
|
|
|0 938
|k p
|
| LOK |
|
|
|0 939
|a 14-06-93
|b l01
|
| ORI |
|
|
|a SA-MARC-krimdoka001.raw
|
| SIG |
|
|
|a IFK: G I 138
|
| TIM |
|
|
|a 100019901003_100020261231
|b 1990-10-03 - 2026
|